000 00898nam0a22002411 4500
001 rc\1173278
005 20260406211356.0
035 _a(NLR Aleph) 006416130
090 _a5398669
_c5398669
100 _a20041129d1980 |||y0rusy50 ca
101 0 _arus
102 _aRU
105 _ay |||||||||
200 1 _aСправочник должностных инструкций руководящих, научных и инженерно-технических работников института ВНИИУуголь
_fМ-во угол. пром-сти СССР, ...
210 _aМ.
_cБ. и.
_d1980
215 _a73 с.
_d21
333 _aДСП. Экз. № 94
710 0 2 _aВНИИ упр. угольной промышленности
_3RU\NLR\AUTH\889968481
_9433367
801 0 _aRU
_bNLR
_gpsbo
801 1 _aRU
_bELAR
_2rusmarc
852 _aNLR
_j80-50К/5085
942 _cBOOK
980 _aNB